[Event "CRO-ch U17"]
[Site "Split"]
[Date "2024.07.27"]
[Round "8"]
[White "Jukic, Leon"]
[Black "Mimica, Matija"]
[Result "0-1"]
[WhiteElo "1653"]
[BlackElo "1929"]
[PlyCount "152"]
[EventDate "2024.07.22"]
[EventType "swiss"]
[EventRounds "9"]
[EventCountry "CRO"]
[SourceTitle "CBM 221 Extra"]
[Source "ChessBase"]
[SourceDate "2024.09.30"]
[SourceVersion "1"]
[SourceVersionDate "2024.09.30"]
[SourceQuality "1"]

1. d4 d5 2. c4 e6 3. Nc3 Nf6 4. Bg5 Be7 5. e3 c6 6. c5 Nbd7 7. Nf3 0-0 8. Bd3 Re8 9. 0-0 b6 10. b4 Bb7 11. Be2 h6 12. Bh4 a5 13. a3 Bf8 14. Ne5 bxc5 15. Nxd7 Qxd7 16. Bxf6 gxf6 17. bxc5 e5 18. Na4 Qc7 19. Nb6 Rad8 20. Bg4 Be7 21. Bf5 Kh8 22. Qh5 Bf8 23. f4 e4 24. Ra2 Ba6 25. Re1 Re7 26. Qh4 Bg7 27. g4 Rg8 28. Rg2 Qd8 29. g5 fxg5 30. fxg5 Rb7 31. Qh3 Bf8 32. gxh6 Rxg2+ 33. Kxg2 Qg5+ 34. Kf2 Qxh6 35. Rg1 Qxh3 36. Bxh3 Be7 37. Bc8 Rxb6 38. cxb6 Bxc8 39. a4 Bb7 40. Kg2 Kg7 41. Kh3+ Kf8 42. Kg4 c5 43. Rc1 c4 44. Kg3 Ke8 45. Kf2 Kd7 46. Ke2 Kc6 47. Rg1 c3 48. Kd1 Ba6 49. Kc2 Bb4 50. h4 Bd3+ 51. Kd1 c2+ 52. Kc1 Ba3+ 53. Kd2 c1Q+ 54. Rxc1+ Bxc1+ 55. Kxc1 Be2 56. Kd2 Bh5 57. Ke1 Kxb6 58. Kf2 Kc6 59. Kg3 f6 60. Kf4 Kd6 61. Kg3 Ke6 62. Kf4 Bd1 63. Kg3 Kf5 64. Kh3 Bxa4 65. h5 Be8 66. h6 Bg6 67. Kg3 a4 68. Kh4 a3 69. Kh3 a2 70. Kg3 a1Q 71. Kg2 Qe1 72. h7 Bxh7 73. Kh2 Kg4 74. Kg2 Qe2+ 75. Kh1 Kg3 76. Kg1 Qe1# 0-1

[Event "CRO-ch U17"]
[Site "Split"]
[Date "2024.07.25"]
[Round "5"]
[White "Jukic, Leon"]
[Black "Djuric, Leon"]
[Result "1-0"]
[WhiteElo "1653"]
[BlackElo "2107"]
[PlyCount "75"]
[EventDate "2024.07.22"]
[EventType "swiss"]
[EventRounds "9"]
[EventCountry "CRO"]
[SourceTitle "CBM 221 Extra"]
[Source "ChessBase"]
[SourceDate "2024.09.30"]
[SourceVersion "1"]
[SourceVersionDate "2024.09.30"]
[SourceQuality "1"]

1. d4 Nf6 2. c4 e6 3. Nc3 Bb4 4. a3 Bxc3+ 5. bxc3 b6 6. Bg5 Bb7 7. e3 d6 8. Nf3 Nbd7 9. Be2 Qe7 10. 0-0 h6 11. Bh4 g5 12. Bg3 Ne4 13. Qc2 h5 14. h4 0-0-0 15. a4 Nf8 16. a5 Ng6 17. axb6 axb6 18. Ra7 gxh4 19. Bh2 Ng5 20. Rfa1 Bc6 21. d5 exd5 22. cxd5 Bxd5 23. Qf5+ Qe6 24. Qxg5 Rdg8 25. Nd4 Qe4 26. Qf5+ Qxf5 27. Nxf5 Kd7 28. Nxd6 h3 29. Nxf7 Bxf7 30. Rxc7+ Ke6 31. Bc4+ Kf6 32. Rxf7+ Kg5 33. Bf4+ Nxf4 34. exf4+ Kg6 35. Rb7 Rb8 36. Raa7 hxg2 37. Rg7+ Kh6 38. f5 1-0

[Event "CRO-ch U17"]
[Site "Split"]
[Date "2024.07.25"]
[Round "6"]
[White "Konjevic, Nikola"]
[Black "Jukic, Leon"]
[Result "1-0"]
[WhiteElo "2081"]
[BlackElo "1653"]
[PlyCount "71"]
[EventDate "2024.07.22"]
[EventType "swiss"]
[EventRounds "9"]
[EventCountry "CRO"]
[SourceTitle "CBM 221 Extra"]
[Source "ChessBase"]
[SourceDate "2024.09.30"]
[SourceVersion "1"]
[SourceVersionDate "2024.09.30"]
[SourceQuality "1"]

1. e4 e5 2. Nf3 Nc6 3. Bb5 a6 4. Ba4 Nd4 5. c3 Nxf3+ 6. Qxf3 Qf6 7. Qg3 Ne7 8. 0-0 Ng6 9. d4 Be7 10. Be3 0-0 11. Nd2 c6 12. dxe5 Qxe5 13. f4 Qc7 14. Bc2 d5 15. e5 Bh4 16. Qf3 f5 17. c4 Be6 18. Bb3 Rad8 19. cxd5 Bxd5 20. Rfd1 Qf7 21. Bxd5 Qxd5 22. Qxd5+ Rxd5 23. Nc4 Rfd8 24. Rxd5 Rxd5 25. Nd6 Be7 26. Nxf5 Bc5 27. Bxc5 Rxc5 28. g3 Kf8 29. Rd1 Rd5 30. Rxd5 cxd5 31. Kf2 Ne7 32. Nxe7 Kxe7 33. Ke3 Ke6 34. Kd4 b6 35. f5+ Ke7 36. Kxd5 1-0

[Event "CRO-ch U15"]
[Site "Trogir"]
[Date "2023.06.23"]
[Round "5"]
[White "Jukic, Leon"]
[Black "Petrus, Adrian"]
[Result "0-1"]
[WhiteElo "1193"]
[BlackElo "1636"]
[PlyCount "96"]
[EventDate "2023.06.21"]
[EventType "swiss"]
[EventRounds "9"]
[EventCountry "CRO"]
[SourceTitle "EXT 2024"]
[Source "ChessBase"]
[SourceDate "2023.10.10"]
[SourceVersion "1"]
[SourceVersionDate "2023.10.10"]
[SourceQuality "1"]

1. d4 Nf6 2. c4 e6 3. Nc3 d5 4. Nf3 c6 5. Bf4 Be7 6. e3 Nbd7 7. Bd3 dxc4 8. Bxc4 Nb6 9. Bd3 0-0 10. 0-0 Nbd5 11. Be5 b5 12. Qb1 h6 13. a3 Bb7 14. Ne4 Nxe4 15. Bxe4 Qb6 16. Nd2 a5 17. Qd1 Nf6 18. Bd3 Rfd8 19. Ne4 Nxe4 20. Bxe4 f5 21. Qb3 Rd5 22. Bxd5 exd5 23. Qc2 Rf8 24. f4 c5 25. Rf3 c4 26. Rg3 g6 27. b3 Kf7 28. bxc4 dxc4 29. a4 Be4 30. Qa2 Bb4 31. Rc1 Rc8 32. h4 h5 33. Rh3 Bd5 34. Rh2 Be7 35. axb5 Qxb5 36. Rb1 Bb4 37. Bd6 c3 38. Qc2 Qc4 39. Bxb4 axb4 40. Qa4 Rc7 41. g3 Qd3 42. Rxb4 c2 43. Rxc2 Qd1+ 44. Kf2 Rxc2+ 45. Qxc2 Qxc2+ 46. Kf1 Qd1+ 47. Kf2 Qd2+ 48. Kf1 Qxb4 0-1